|
|
|
|
| LEADER |
02526cas a2200337 a 4500 |
| 001 |
AALejournalIMF022500 |
| 008 |
230101c9999 xx r poo 0 0eng d |
| 020 |
|
|
|c 5.00 USD
|
| 020 |
|
|
|z 9798400203053
|
| 022 |
|
|
|a 1018-5941
|
| 040 |
|
|
|a BD-DhAAL
|c BD-DhAAL
|
| 100 |
1 |
|
|a Gonzalez, Andres.
|
| 245 |
1 |
0 |
|a Fix vs. Float :
|b Evaluating the Transition to a Sustainable Equilibrium in Bolivia /
|c Andres Gonzalez, Etibar Jafarov, Diego Rodriguez Guzman, Chris Walker.
|
| 264 |
|
1 |
|a Washington, D.C. :
|b International Monetary Fund,
|c 2022.
|
| 300 |
|
|
|a 1 online resource (32 pages)
|
| 490 |
1 |
|
|a IMF Working Papers
|
| 500 |
|
|
|a <strong>Off-Campus Access:</strong> No User ID or Password Required
|
| 500 |
|
|
|a <strong>On-Campus Access:</strong> No User ID or Password Required
|
| 506 |
|
|
|a Electronic access restricted to authorized BRAC University faculty, staff and students
|
| 520 |
3 |
|
|a Bolivia has achieved noteworthy success over the past 15 years in raising incomes, reducing poverty, and maintaining macroeconomic stability by deploying commodity revenues to finance transfers, public investment, and state-led development, using an exchange rate peg as a policy anchor. However, with the end of the commodity boom in 2014, fiscal deficits have grown and reserves have fallen. One route to restoring long-run sustainability would be to combine fiscal consolidation with a switch to a floating exchange rate. However, a preference for maintaining the peg could be accommodated with adjustments elsewhere in the policy framework. Employing a detailed dynamic stochastic general equilibrium model of the Bolivian economy, this study assesses the long-run sustainability and relative benefits of alternative policy combinations, and calculates optimal adjustment paths for the transition from the present situation to the steady state. It concludes that continued adherence to a fixed-rate regime, while not optimal, is feasible, if supported by a larger fiscal effort.
|
| 538 |
|
|
|a Mode of access: Internet
|
| 650 |
|
7 |
|a Current Account Adjustment
|2 imf
|
| 650 |
|
7 |
|a Dynamic Analysis
|2 imf
|
| 650 |
|
7 |
|a Optimization Techniques
|2 imf
|
| 650 |
|
7 |
|a Programming Models
|2 imf
|
| 650 |
|
7 |
|a Short-Term Capital Movements
|2 imf
|
| 700 |
1 |
|
|a Jafarov, Etibar.
|
| 700 |
1 |
|
|a Rodriguez Guzman, Diego.
|
| 700 |
1 |
|
|a Walker, Chris.
|
| 830 |
|
0 |
|a IMF Working Papers; Working Paper ;
|v No. 2022/043
|
| 856 |
4 |
0 |
|z Full text available on IMF
|u http://elibrary.imf.org/view/journals/001/2022/043/001.2022.issue-043-en.xml
|z IMF e-Library
|